000 00606 a2200205 4500
020 _a0-07-242340-4
020 _a0-07-242340-4
040 _aLibrary of Congress
_bEnglish
082 _a005.133
082 _a005.133
100 1 _aPoplawski, David A.
245 0 0 _aObjects have class! : an introduction to programming with Java
_cDavid A. Poplawski
250 _a1. ed.
260 _aBoston :
_bMcGraw-Hill,
_cc2002
300 _axxx, 540 p. :
_bill. ;
_c23 cm
650 0 _aJava (Computer program language)
650 0 _aObject-oriented programming
650 0 _aJAVA
942 _cBK
_k005.133 POP
_2ddc
999 _c5957
_d5957